Vùng đất Mô Xoài trong quá trình khai phá Nam Bộ dưới thời các chúa Nguyễn /

Đã lưu trong:
书目详细资料
主要作者: Đặng Ngọc Hà.
格式: Bài viết
语言:Vietnamese
主题:
标签: 添加标签
没有标签, 成为第一个标记此记录!
Thư viện lưu trữ: Thư viện Trường Đại học Đà Lạt
LEADER 00815nam a2200277 4500
001 DLU180187094
005 ##20180917
040 # # |a DLU  |b vie 
041 # # |a vie 
044 # # |a vn 
100 # # |a Đặng Ngọc Hà. 
245 # # |a Vùng đất Mô Xoài trong quá trình khai phá Nam Bộ dưới thời các chúa Nguyễn /  |c Đặng Ngọc Hà. 
653 # # |a Chúa Nguyễn 
653 # # |a Mô Xoài 
653 # # |a Nam Bộ 
653 # # |a Thế kỉ 17 
773 # # |t Nghiên cứu lịch sử  |g Số 6(494), 2017, tr.19-33 
920 # # |a Phòng Tạp chí -- Trung tâm Thông tin - Thư viện Trường Đại học Đà Lạt 
994 # # |a DLU 
900 # # |a True 
911 # # |a Nguyễn Thị Thu Phương 
925 # # |a G 
926 # # |a A 
927 # # |a BB 
980 # # |a Thư viện Trường Đại học Đà Lạt